[Event "CZE-chT2A 2223"]
[Site "Czech Republic"]
[Date "2022.11.20"]
[Round "3.7"]
[White "Splichal, Petr"]
[Black "Vojta, Tomas"]
[Result "0-1"]
[WhiteElo "1943"]
[BlackElo "2320"]
[PlyCount "54"]
[EventDate "2022.10.16"]
[EventType "team-tourn"]
[EventRounds "11"]
[EventCountry "CZE"]
[SourceTitle "EXT 2024"]
[Source "ChessBase"]
[SourceDate "2023.10.10"]
[SourceVersion "1"]
[SourceVersionDate "2023.10.10"]
[SourceQuality "1"]
[WhiteTeam "Unichess"]
[BlackTeam "Vlasim"]
[WhiteTeamCountry "CZE"]
[BlackTeamCountry "CZE"]

1. d4 d5 2. Nf3 Nf6 3. Bg5 h6 4. Bf4 c5 5. c3 Qb6 6. Qb3 c4 7. Qxb6 axb6 8. Bxb8 Rxb8 9. Nbd2 Bf5 10. g3 e6 11. Ne5 Ra8 12. Bg2 b5 13. 0-0 Bd6 14. h3 0-0 15. f4 b4 16. e4 bxc3 17. bxc3 Nxe4 18. Bxe4 Bxe4 19. Nxe4 Bxe5 20. Nc5 Bc7 21. Nxb7 Ra3 22. Rfc1 Rb8 23. Nc5 Rb2 24. Nd7 Ba5 25. Rab1 Bxc3 26. Kf1 Bxd4 27. Ke1 Raxa2 0-1

[Event "CZE-chT2A 2122"]
[Site "Czech Republic"]
[Date "2022.02.27"]
[Round "9.8"]
[White "Splichal, Petr"]
[Black "Stanek, Ondrej"]
[Result "1/2-1/2"]
[WhiteElo "1950"]
[BlackElo "1881"]
[PlyCount "34"]
[EventDate "2021.10.17"]
[EventType "team-tourn"]
[EventRounds "11"]
[EventCountry "CZE"]
[SourceTitle "EXT 2025"]
[Source "ChessBase"]
[SourceDate "2024.10.14"]
[SourceVersion "1"]
[SourceVersionDate "2024.10.14"]
[SourceQuality "1"]
[WhiteTeam "Unichess Sekacek"]
[BlackTeam "Vlasim II"]
[WhiteTeamCountry "CZE"]
[BlackTeamCountry "CZE"]

1. d4 Nf6 2. Bg5 Ne4 3. h4 h6 4. Bf4 e6 5. Nd2 Nxd2 6. Qxd2 d5 7. Nf3 c5 8. e3 Nc6 9. Be2 Bd6 10. Bxd6 Qxd6 11. c3 Bd7 12. Rd1 Rd8 13. h5 b6 14. Rh4 Qe7 15. e4 cxd4 16. exd5 exd5 17. cxd4 Qb4 1/2-1/2

[Event "CZE-chT2A 2122"]
[Site "Czech Republic"]
[Date "2021.11.21"]
[Round "3.7"]
[White "Splichal, Petr"]
[Black "Cmiko, Jakub"]
[Result "1/2-1/2"]
[WhiteElo "1950"]
[BlackElo "2028"]
[PlyCount "103"]
[EventDate "2021.10.17"]
[EventType "team-tourn"]
[EventRounds "11"]
[EventCountry "CZE"]
[SourceTitle "EXT 2025"]
[Source "ChessBase"]
[SourceDate "2024.10.14"]
[SourceVersion "1"]
[SourceVersionDate "2024.10.14"]
[SourceQuality "1"]
[WhiteTeam "Unichess Sekacek"]
[BlackTeam "Praha Oaza II"]
[WhiteTeamCountry "CZE"]
[BlackTeamCountry "CZE"]

1. d4 Nf6 2. Bg5 e6 3. Nf3 Be7 4. c4 b6 5. Nc3 Bb7 6. e3 0-0 7. Bd3 d6 8. 0-0 Nbd7 9. Qe2 c5 10. Rfd1 a6 11. Rac1 Qc7 12. b3 Rfe8 13. h3 Rac8 14. Bb1 Qb8 15. Bf4 cxd4 16. exd4 Qa8 17. Ne1 d5 18. Qd3 dxc4 19. bxc4 Red8 20. Qe2 Re8 21. Qd3 e5 22. Bxe5 Ba3 23. Rc2 Nxe5 24. dxe5 Rxe5 25. Nd5 Bxd5 26. cxd5 Rxd5 27. Rxc8+ Qxc8 28. Qb3 Rxd1 29. Qxd1 Bc5 30. Qd3 a5 31. Nf3 Qd7 32. Qc2 Qe7 33. a4 g6 34. Qd3 Ne8 35. Ba2 Nd6 36. Bd5 Qf6 37. Bc6 Qa1+ 38. Kh2 Qf6 39. Qe2 Kg7 40. Kg1 Nf5 41. Qe5 Nd6 42. Kf1 Qxe5 43. Nxe5 f6 44. Nd3 g5 45. Ke2 Bd4 46. f4 Kf7 47. Kf3 Kg6 48. g3 h6 49. fxg5 fxg5 50. h4 Kf6 51. hxg5+ hxg5 52. Ke2 1/2-1/2

[Event "Pardubice op rapid 32nd"]
[Site "Pardubice"]
[Date "2021.07.22"]
[Round "6"]
[White "Jedlicka, Ales"]
[Black "Splichal, Petr"]
[Result "1-0"]
[WhiteElo "2212"]
[BlackElo "1951"]
[PlyCount "69"]
[EventDate "2021.07.21"]
[EventType "swiss (rapid)"]
[EventRounds "9"]
[EventCountry "CZE"]
[SourceTitle "CBM 203 Extra"]
[Source "ChessBase"]
[SourceDate "2021.09.30"]
[SourceVersion "1"]
[SourceVersionDate "2021.09.30"]
[SourceQuality "1"]

1. d4 Nf6 2. c4 g6 3. Nc3 d6 4. e4 Bg7 5. Be2 0-0 6. Nf3 e5 7. Be3 Nc6 8. d5 Ne7 9. Nd2 Ne8 10. c5 f5 11. f3 f4 12. Bf2 g5 13. Nc4 Ng6 14. Qc2 Rf7 15. 0-0-0 b6 16. b4 bxc5 17. bxc5 h5 18. h3 Bh6 19. Kb1 Bf8 20. cxd6 cxd6 21. Ka1 Ba6 22. Qa4 Qc8 23. Rc1 Bxc4 24. Bxc4 Rc7 25. Nb5 Qd7 26. Qa5 Rcc8 27. Be2 Ne7 28. Nxa7 Rcb8 29. Rb1 Rxb1+ 30. Rxb1 Nc8 31. Bb5 Qe7 32. Nxc8 Rxc8 33. Bc6 Qc7 34. Qxc7 Nxc7 35. Bb7 1-0

[Event "Pardubice op rapid 32nd"]
[Site "Pardubice"]
[Date "2021.07.22"]
[Round "9"]
[White "Splichal, Petr"]
[Black "Bures, Vit"]
[Result "0-1"]
[WhiteElo "1951"]
[BlackElo "2144"]
[PlyCount "112"]
[EventDate "2021.07.21"]
[EventType "swiss (rapid)"]
[EventRounds "9"]
[EventCountry "CZE"]
[SourceTitle "CBM 203 Extra"]
[Source "ChessBase"]
[SourceDate "2021.09.30"]
[SourceVersion "1"]
[SourceVersionDate "2021.09.30"]
[SourceQuality "1"]

1. d4 d5 2. c4 c6 3. Nf3 Nf6 4. Nc3 e6 5. Bg5 dxc4 6. e4 b5 7. e5 h6 8. Bh4 g5 9. exf6 gxh4 10. Nxh4 Qxf6 11. g3 Bb7 12. Bg2 Nd7 13. Nxb5 cxb5 14. Bxb7 Rb8 15. Bc6 Bb4+ 16. Kf1 Ke7 17. Bxd7 Kxd7 18. Nf3 Rhc8 19. a4 a5 20. Kg2 Ke7 21. Ne5 Qf5 22. axb5 Rxb5 23. Qe2 Rd5 24. Rhd1 c3 25. bxc3 Rxc3 26. Rac1 Kf8 27. Rxc3 Bxc3 28. Qc4 Bxd4 29. Rxd4 Rxe5 30. Rf4 Qg6 31. Qd4 Rd5 32. Qa7 Kg7 33. h4 h5 34. Qb8 Rf5 35. Ra4 Rxf2+ 36. Kxf2 Qc2+ 37. Kf3 Qxa4 38. Qe5+ Kf8 39. Qd6+ Ke8 40. Qb8+ Ke7 41. Qc7+ Kf6 42. Qd8+ Ke5 43. Qg5+ f5 44. Qg7+ Kd5 45. Qb7+ Qc6 46. Qb3+ Kd4+ 47. Kf2 Qd5 48. Qb2+ Kc4 49. Qe2+ Kc5 50. Qxh5 Qd2+ 51. Kg1 a4 52. Qe8 Qd4+ 53. Kg2 Qe4+ 54. Kh2 Kb4 55. h5 a3 56. Qe7+ Kb3 0-1

[Event "Pardubice op rapid 32nd"]
[Site "Pardubice"]
[Date "2021.07.21"]
[Round "2"]
[White "Vykouk, Jan"]
[Black "Splichal, Petr"]
[Result "1-0"]
[WhiteElo "2442"]
[BlackElo "1951"]
[PlyCount "91"]
[EventDate "2021.07.21"]
[EventType "swiss (rapid)"]
[EventRounds "9"]
[EventCountry "CZE"]
[SourceTitle "CBM 203 Extra"]
[Source "ChessBase"]
[SourceDate "2021.09.30"]
[SourceVersion "1"]
[SourceVersionDate "2021.09.30"]
[SourceQuality "1"]

1. e4 e6 2. d4 d5 3. Nd2 Nc6 4. Ngf3 Nf6 5. e5 Nd7 6. Be2 f6 7. exf6 Qxf6 8. Nf1 Bd6 9. Ne3 0-0 10. 0-0 Nb6 11. c4 dxc4 12. Nxc4 Nd5 13. Nxd6 cxd6 14. Bc4 Nce7 15. Bg5 Qg6 16. Bxe7 Nxe7 17. Re1 Bd7 18. Qe2 Nd5 19. Bxd5 exd5 20. Qe3 Kh8 21. Qg5 Rae8 22. Qxg6 hxg6 23. Re3 Rxe3 24. fxe3 Rc8 25. Ne1 g5 26. Kf2 Kh7 27. h3 g4 28. Kg3 gxh3 29. gxh3 Kg6 30. Rd1 Bf5 31. Nf3 Be4 32. Rd2 Bxf3 33. Kxf3 Rc1 34. Rd3 Rc2 35. Rb3 b6 36. Rb5 Kf6 37. Rxd5 Rxb2 38. Rxd6+ Ke7 39. Rg6 Kf7 40. Rg2 Rb5 41. e4 a5 42. e5 a4 43. Ke4 a3 44. Rg3 Ra5 45. Rb3 b5 46. Kd5 1-0

[Event "Pardubice Czech op-E 32nd"]
[Site "Pardubice"]
[Date "2021.07.16"]
[Round "2.4"]
[White "Splichal, Petr"]
[Black "Zeman, Matyas"]
[Result "0-1"]
[WhiteElo "1951"]
[BlackElo "2261"]
[PlyCount "82"]
[EventDate "2021.07.15"]
[EventType "team-swiss"]
[EventRounds "7"]
[EventCountry "CZE"]
[SourceTitle "CBM 203 Extra"]
[Source "ChessBase"]
[SourceDate "2021.09.30"]
[SourceVersion "1"]
[SourceVersionDate "2021.09.30"]
[SourceQuality "1"]
[WhiteTeam "Patrik Popper"]
[BlackTeam "Brno Moravska Slavia"]
[WhiteTeamCountry "CZE"]
[BlackTeamCountry "CZE"]

1. d4 Nf6 2. Bg5 e6 3. Nf3 d5 4. c4 Bb4+ 5. Nc3 0-0 6. cxd5 exd5 7. e3 h6 8. Bh4 g5 9. Bg3 Ne4 10. Qb3 c5 11. 0-0-0 Bxc3 12. bxc3 c4 13. Qa3 Nc6 14. Nd2 Nxd2 15. Rxd2 Bf5 16. h4 g4 17. Bf4 Qf6 18. f3 b5 19. Qd6 Qxd6 20. Bxd6 Rfe8 21. fxg4 Bxg4 22. Be2 Bxe2 23. Rxe2 Re6 24. Bc5 Rae8 25. Rh3 h5 26. Rg3+ Rg6 27. Rxg6+ fxg6 28. Kd2 a5 29. Rf2 Kg7 30. a3 Nb8 31. Bd6 Nd7 32. Bc7 Nf6 33. Rf4 Ne4+ 34. Kc2 Rf8 35. Rxf8 Kxf8 36. Bxa5 Kf7 37. Bc7 Ke6 38. Be5 Kf5 39. g3 Kg4 40. Bc7 Kf3 41. Bf4 Ke2 0-1

[Event "CZE-chT2A 1920"]
[Site "Czech Republic"]
[Date "2019.12.01"]
[Round "4.8"]
[White "Flajsman, Pavel"]
[Black "Splichal, Petr"]
[Result "1/2-1/2"]
[WhiteElo "2153"]
[BlackElo "1910"]
[PlyCount "79"]
[EventDate "2019.10.13"]
[EventType "team-tourn"]
[EventRounds "11"]
[EventCountry "CZE"]
[SourceTitle "EXT 2024"]
[Source "ChessBase"]
[SourceDate "2023.10.10"]
[SourceVersion "1"]
[SourceVersionDate "2023.10.10"]
[SourceQuality "1"]
[WhiteTeam "Klatovy"]
[BlackTeam "Unichess Reserve"]
[WhiteTeamCountry "CZE"]
[BlackTeamCountry "CZE"]

1. Nf3 Nf6 2. c4 g6 3. b3 Bg7 4. Bb2 d6 5. d4 0-0 6. g3 c5 7. Bg2 cxd4 8. Nxd4 a6 9. Nc3 Qa5 10. 0-0 Qh5 11. e4 Nc6 12. Nxc6 bxc6 13. Qxh5 Nxh5 14. e5 Bxe5 15. Bxc6 Rb8 16. Rad1 Bb7 17. Bxb7 Rxb7 18. Rfe1 Bf6 19. Ba1 Rfb8 20. Rd5 Kf8 21. Ra5 Ra8 22. Kg2 Ng7 23. Nd5 Bxa1 24. Rxa1 e6 25. Nc3 Ne8 26. Rd1 Ke7 27. Ne4 Rb6 28. c5 dxc5 29. Nxc5 Nd6 30. Rd4 Nb5 31. Rd7+ Ke8 32. Rb7 Rxb7 33. Nxb7 Nc7 34. Nc5 Ke7 35. b4 Kd6 36. Ne4+ Ke7 37. Nc5 Kd6 38. Ne4+ Ke7 39. a3 f5 40. Nc5 1/2-1/2

[Event "CZE-chT2A 1920"]
[Site "Czech Republic"]
[Date "2019.11.03"]
[Round "2.8"]
[White "Novak, Vaclav2"]
[Black "Splichal, Petr"]
[Result "1/2-1/2"]
[WhiteElo "1938"]
[BlackElo "1910"]
[PlyCount "33"]
[EventDate "2019.10.13"]
[EventType "team-tourn"]
[EventRounds "11"]
[EventCountry "CZE"]
[SourceTitle "EXT 2024"]
[Source "ChessBase"]
[SourceDate "2023.10.10"]
[SourceVersion "1"]
[SourceVersionDate "2023.10.10"]
[SourceQuality "1"]
[WhiteTeam "Strakonice"]
[BlackTeam "Unichess Reserve"]
[WhiteTeamCountry "CZE"]
[BlackTeamCountry "CZE"]

1. e4 e6 2. d4 d5 3. exd5 exd5 4. Bd3 Bd6 5. Ne2 Ne7 6. Bf4 Bf5 7. Bxf5 Nxf5 8. Qd3 Qd7 9. Bxd6 Nxd6 10. Qe3+ Qe7 11. Qxe7+ Kxe7 12. Nf4 c6 13. 0-0 Re8 14. Re1+ Kf8 15. Rxe8+ Kxe8 16. Nd2 Nd7 17. Re1+ 1/2-1/2

[Event "CZE-chT2A 1819"]
[Site "Czech Republic"]
[Date "2019.02.24"]
[Round "9.8"]
[White "Splichal, Petr"]
[Black "Vojta, Jakub"]
[Result "0-1"]
[WhiteElo "1925"]
[BlackElo "2066"]
[PlyCount "54"]
[EventDate "2018.10.14"]
[EventType "team-tourn"]
[EventRounds "11"]
[EventCountry "CZE"]
[SourceTitle "EXT 2022"]
[Source "ChessBase"]
[SourceDate "2021.10.06"]
[SourceVersion "1"]
[SourceVersionDate "2021.10.06"]
[SourceQuality "1"]
[WhiteTeam "Unichess Underground"]
[BlackTeam "Vlasim"]
[WhiteTeamCountry "CZE"]
[BlackTeamCountry "CZE"]

1. d4 d5 2. c4 dxc4 3. Nf3 Nf6 4. Nc3 a6 5. a4 Nc6 6. Bg5 h6 7. Bxf6 exf6 8. e3 Na5 9. Nd2 Be6 10. Qc2 Bb4 11. Be2 c6 12. 0-0 0-0 13. Rfd1 Qe7 14. e4 Rfd8 15. Nf3 Nb3 16. Rab1 Bxc3 17. Qxc3 b5 18. e5 Bf5 19. Bd3 Bxd3 20. Rxd3 cxd3 21. Qxb3 d2 22. Rd1 fxe5 23. dxe5 Rd5 24. Qc3 Rad8 25. h3 Qc5 26. Qxc5 Rxc5 27. Kf1 Rc1 0-1

[Event "CZE-chT 1819"]
[Site "Czech Republic"]
[Date "2018.12.02"]
[Round "4.2"]
[White "Simek, Petr1"]
[Black "Splichal, Petr"]
[Result "1/2-1/2"]
[WhiteElo "2338"]
[BlackElo "1925"]
[PlyCount "82"]
[EventDate "2018.11.03"]
[EventType "team-tourn"]
[EventRounds "11"]
[EventCountry "CZE"]
[SourceTitle "CBM 187 Extra"]
[Source "ChessBase"]
[SourceDate "2018.11.04"]
[SourceVersion "1"]
[SourceVersionDate "2018.11.04"]
[SourceQuality "1"]
[WhiteTeam "Unichess"]
[BlackTeam "Unichess II"]
[WhiteTeamCountry "CZE"]
[BlackTeamCountry "CZE"]

1. d4 Nf6 2. c4 g6 3. g3 Bg7 4. Bg2 d6 5. Nc3 0-0 6. Nf3 Nc6 7. 0-0 a6 8. Re1 e5 9. d5 Na5 10. Nd2 b6 11. b4 Nb7 12. Nb3 a5 13. a3 Bd7 14. e4 Qc8 15. f3 Nh5 16. Be3 f5 17. Bf2 Nf6 18. c5 axb4 19. axb4 Rxa1 20. Qxa1 bxc5 21. bxc5 Nxc5 22. Nxc5 dxc5 23. Bxc5 Re8 24. Qa7 Bf8 25. Rc1 Qb8 26. Qa3 Bh6 27. Rb1 Qc8 28. Qa7 fxe4 29. fxe4 c6 30. d6 Qa8 31. Rb7 Qxa7 32. Rxa7 Rb8 33. h3 Rb3 34. Ne2 Rb5 35. Bf2 Rb1+ 36. Kh2 Rb2 37. Bf3 Kf8 38. Kg2 Ke8 39. Ra5 Rb5 40. Ra7 Rb2 41. Ra5 Rb5 1/2-1/2

[Event "CZE-chT2C 1718"]
[Site "Czech Republic"]
[Date "2018.02.11"]
[Round "8.7"]
[White "Splichal, Petr"]
[Black "Janda, Pavel"]
[Result "0-1"]
[WhiteElo "1991"]
[BlackElo "2083"]
[PlyCount "78"]
[EventDate "2017.10.15"]
[EventType "team-tourn"]
[EventRounds "11"]
[EventCountry "CZE"]
[SourceTitle "EXT 2022"]
[Source "ChessBase"]
[SourceDate "2021.10.06"]
[SourceVersion "1"]
[SourceVersionDate "2021.10.06"]
[SourceQuality "1"]
[WhiteTeam "Unichess Vyletna"]
[BlackTeam "Tabor"]
[WhiteTeamCountry "CZE"]
[BlackTeamCountry "CZE"]

1. d4 Nf6 2. Bg5 c5 3. Bxf6 gxf6 4. d5 Qb6 5. Qc1 Bh6 6. e3 f5 7. c4 f4 8. exf4 Bxf4 9. Qc3 Rg8 10. g3 Bg5 11. Qc2 Bf6 12. Nc3 d6 13. Bd3 h5 14. Nge2 Bg4 15. 0-0-0 Bf3 16. Rhe1 Nd7 17. Be4 Ne5 18. Qa4+ Kd8 19. Bxf3 Nxf3 20. Rh1 a6 21. h4 Rg4 22. Nf4 Bd4 23. Nd3 Qc7 24. Qc2 b5 25. Nf4 bxc4 26. Nxh5 Rb8 27. Qf5 Qb7 28. Qc2 Ne5 29. Nf4 Rxf4 30. gxf4 Nd3+ 31. Rxd3 cxd3 32. Qd2 Bxc3 33. Qxc3 Qxd5 34. Qa5+ Ke8 35. Rg1 Qc4+ 36. Qc3 Qxf4+ 37. Kb1 Kd7 38. Qxd3 Qxf2 39. Qh3+ e6 0-1

[Event "CZE-chT2B 1516"]
[Site "Czech Republic"]
[Date "2016.02.07"]
[Round "7.5"]
[White "Crha, Pavel"]
[Black "Splichal, Petr"]
[Result "0-1"]
[WhiteElo "2045"]
[BlackElo "1968"]
[PlyCount "104"]
[EventDate "2015.10.18"]
[EventType "team-tourn"]
[EventRounds "11"]
[EventCountry "CZE"]
[SourceTitle "EXT 2022"]
[Source "ChessBase"]
[SourceDate "2021.10.06"]
[SourceVersion "1"]
[SourceVersionDate "2021.10.06"]
[SourceQuality "1"]
[WhiteTeam "Mlada Boleslav"]
[BlackTeam "Unichess II"]
[WhiteTeamCountry "CZE"]
[BlackTeamCountry "CZE"]

1. Nf3 Nf6 2. d4 g6 3. Nc3 d5 4. Bf4 Bg7 5. e3 0-0 6. Be2 c6 7. Ne5 Nbd7 8. h4 Qa5 9. h5 Ne4 10. hxg6 fxg6 11. f3 Nxc3 12. Qd2 Nxe5 13. Bxe5 Bxe5 14. dxe5 b6 15. bxc3 Ba6 16. Bd3 Rad8 17. Bxa6 Qxa6 18. Qd3 Qa4 19. Kd2 c5 20. Rh6 Kg7 21. Rah1 Rh8 22. R6h4 Qxa2 23. Rg4 d4 24. exd4 cxd4 25. Rxd4 Rxd4 26. Qxd4 Qe6 27. Ra1 a5 28. c4 Rc8 29. Qd5 Qf5 30. Rb1 Rc5 31. Qd4 Qe6 32. Kd3 Qf5+ 33. Kc3 Qe6 34. Kd3 a4 35. Rb4 a3 36. Ra4 Rc7 37. Ke3 a2 38. f4 Qc6 39. Rxa2 Qxg2 40. e6+ Kh6 41. Ra1 Rc5 42. Qe4 Qh3+ 43. Kd4 Rh5 44. Ra7 Qh2 45. Rxe7 Qd2+ 46. Qd3 Qxf4+ 47. Kc3 Qf6+ 48. Kb3 Qxe7 49. Qd7 Rh3+ 50. c3 Qf6 51. e7 Qxc3+ 52. Ka4 Qa5# 0-1

[Event "CZE-chT2B 1516"]
[Site "Czech Republic"]
[Date "2016.01.24"]
[Round "6.4"]
[White "Hrbolka, Ladislav Jr"]
[Black "Splichal, Petr"]
[Result "1-0"]
[WhiteElo "2193"]
[BlackElo "1968"]
[PlyCount "95"]
[EventDate "2015.10.18"]
[EventType "team-tourn"]
[EventRounds "11"]
[EventCountry "CZE"]
[SourceTitle "EXT 2022"]
[Source "ChessBase"]
[SourceDate "2021.10.06"]
[SourceVersion "1"]
[SourceVersionDate "2021.10.06"]
[SourceQuality "1"]
[WhiteTeam "Most Chess"]
[BlackTeam "Unichess II"]
[WhiteTeamCountry "CZE"]
[BlackTeamCountry "CZE"]

1. e4 e6 2. d4 d5 3. Nc3 Bb4 4. e5 c5 5. a3 Bxc3+ 6. bxc3 Qc7 7. Bd2 Ne7 8. Qg4 Nbc6 9. Qxg7 Rg8 10. Qxh7 cxd4 11. f4 dxc3 12. Bxc3 d4 13. Bd2 Bd7 14. Qd3 0-0-0 15. Ne2 Nf5 16. Rb1 Rg6 17. h4 Rh8 18. h5 Rg7 19. Rh3 a6 20. c3 Ne3 21. cxd4 Nxf1 22. Kxf1 Ne7 23. Bb4 Bc6 24. g3 Nf5 25. Kf2 Qd7 26. Qc4 Kb8 27. Bc5 Bb5 28. Qb3 Qc6 29. Nc3 Nxg3 30. Bd6+ Ka8 31. Nxb5 Ne4+ 32. Ke3 Nxd6 33. Nxd6 Rxh5 34. Rf3 f5 35. Qc4 Qxf3+ 36. Kxf3 Rh3+ 37. Kf2 Rh2+ 38. Kf3 Rh3+ 39. Ke2 Rh2+ 40. Kf1 Rh1+ 41. Ke2 Rh2+ 42. Ke1 Rg1+ 43. Qf1 Rxf1+ 44. Kxf1 Rh1+ 45. Ke2 Rxb1 46. d5 Kb8 47. dxe6 Kc7 48. e7 1-0

[Event "CZE-chT1W 1415"]
[Site "Czech Republic"]
[Date "2015.04.12"]
[Round "11.8"]
[White "Splichal, Petr"]
[Black "Novotny, Jaroslav"]
[Result "1/2-1/2"]
[WhiteElo "1990"]
[BlackElo "2196"]
[PlyCount "33"]
[EventDate "2014.10.19"]
[EventType "team-tourn"]
[EventRounds "11"]
[EventCountry "CZE"]
[SourceTitle "EXT 2016"]
[Source "ChessBase"]
[SourceDate "2015.10.08"]
[SourceVersion "1"]
[SourceVersionDate "2015.10.08"]
[SourceQuality "1"]
[WhiteTeam "Unichess II"]
[BlackTeam "Jicin"]
[WhiteTeamCountry "CZE"]
[BlackTeamCountry "CZE"]

1. d4 Nf6 2. Bg5 e6 3. Nf3 h6 4. Bh4 c5 5. c3 b6 6. Nbd2 Ba6 7. e3 Bxf1 8. Nxf1 Be7 9. Ne5 0-0 10. Qf3 Nd5 11. Bxe7 Qxe7 12. Nd2 d6 13. Nd3 Nd7 14. e4 N5f6 15. 0-0 e5 16. d5 Rfc8 17. c4 1/2-1/2

[Event "CZE-chT2C 1314"]
[Site "Czech Republic"]
[Date "2014.02.16"]
[Round "8.8"]
[White "Stoklasa, Jan"]
[Black "Splichal, Petr"]
[Result "1-0"]
[WhiteElo "2143"]
[BlackElo "1987"]
[PlyCount "71"]
[EventDate "2013.11.03"]
[EventType "team-tourn"]
[EventRounds "11"]
[EventCountry "CZE"]
[SourceTitle "EXT 2015"]
[Source "ChessBase"]
[SourceDate "2014.11.20"]
[SourceVersion "1"]
[SourceVersionDate "2014.11.20"]
[SourceQuality "1"]
[WhiteTeam "Vlasim"]
[BlackTeam "Kutna Hora"]
[WhiteTeamCountry "CZE"]
[BlackTeamCountry "CZE"]

1. e4 e6 2. Nf3 d5 3. e5 c5 4. b4 cxb4 5. d4 Nc6 6. a3 Bd7 7. axb4 Bxb4+ 8. c3 Be7 9. Bd3 a6 10. 0-0 Na5 11. Na3 b5 12. Bd2 h6 13. Ne1 Bxa3 14. Rxa3 Nc4 15. Bxc4 bxc4 16. Qg4 g6 17. Nc2 a5 18. Rfa1 a4 19. Bc1 Rb8 20. Nb4 Rb6 21. R3a2 Ne7 22. Ba3 Nc6 23. Rb2 Na5 24. h4 Nb3 25. Re1 h5 26. Qg3 Rg8 27. Re3 g5 28. Rf3 Rg6 29. Rf6 Rxf6 30. exf6 Qxf6 31. hxg5 Qf5 32. Qc7 Rxb4 33. Bxb4 Qxg5 34. Qd6 Kd8 35. Ba5+ Ke8 36. Qb8+ 1-0